More than anything else / (Record no. 1684)

MARC details
000 -LEADER
fixed length control field 01041pam a2200301 a 4500
005 - DATE AND TIME OF LATEST TRANSACTION
control field 20250730141538.0
020 ## - INTERNATIONAL STANDARD BOOK NUMBER
International Standard Book Number 059010313X
040 ## - CATALOGING SOURCE
Original cataloging agency DLC
Transcribing agency DLC
Modifying agency DLC
Language of cataloging eng
050 00 - LIBRARY OF CONGRESS CALL NUMBER
Classification number PZ7.B7175
Item number Mo 1995
082 00 - DEWEY DECIMAL CLASSIFICATION NUMBER
Classification number 813
Edition number 20
100 1# - MAIN ENTRY--PERSONAL NAME
Personal name Bradby, Marie
245 10 - TITLE STATEMENT
Title More than anything else /
Statement of responsibility, etc. story by Marie Bradby ; pictures by Chris K. Soentpiet.
250 ## - EDITION STATEMENT
Edition statement First Scholastic printing, February 1997
260 ## - PUBLICATION, DISTRIBUTION, ETC.
Place of publication, distribution, etc. New York :
Name of publisher, distributor, etc. Scholastic,
Date of publication, distribution, etc. 1995
300 ## - PHYSICAL DESCRIPTION
Extent 30 pages :
Other physical details color illustrations ;
Dimensions 26 cm
500 ## - GENERAL NOTE
General note "A Richard Jackson book."
505 ## - FORMATTED CONTENTS NOTE
Formatted contents note N <br/>
520 ## - SUMMARY, ETC.
Summary, etc. Nine-year-old Booker works with his father and brother at the saltworks but dreams of the day when he'll be able to read.
521 ## - TARGET AUDIENCE NOTE
Target audience note 570 <br/>
Source Lexile <br/>
521 ## - TARGET AUDIENCE NOTE
Target audience note N <br/>
Source Raz-Plus <br/>
650 #1 - SUBJECT ADDED ENTRY--TOPICAL TERM
Topical term or geographic name entry element African Americans
Form subdivision Fiction.
650 #1 - SUBJECT ADDED ENTRY--TOPICAL TERM
Topical term or geographic name entry element Books and reading
Form subdivision Fiction.
650 #0 - SUBJECT ADDED ENTRY--TOPICAL TERM
Topical term or geographic name entry element Salt workers
Form subdivision Fiction.
700 1# - ADDED ENTRY--PERSONAL NAME
Personal name Soentpiet, Chris K.
Relator term illustrator
906 ## - LOCAL DATA ELEMENT F, LDF (RLIN)
a 7
b cbc
c orignew
d 1
e ocip
f 19
g y-gencatlg
942 ## - ADDED ENTRY ELEMENTS (KOHA)
Source of classification or shelving scheme Dewey Decimal Classification
Koha item type Books
Suppress in OPAC No
999 ## -
-- 1684
-- 1684
Holdings
Withdrawn status Lost status Source of classification or shelving scheme Damaged status Not for loan Collection Home library Current library Shelving location Date acquired Total Checkouts Full call number Barcode Date last seen Date last checked out Copy number Price effective from Koha item type
    Library of Congress Classification     Juvenile Fiction Footprints International School Library Network Toul Tom Poung Campus Footprints International School Library Network Toul Tom Poung Campus TTP Primary Yellow Bookshelves 09/14/2023 3 BRA Fic PZ7.B7175 FISBK06302 02/06/2024 01/30/2024 1 09/14/2023 Books
    Library of Congress Classification     Juvenile Fiction Footprints International School Library Network Toul Tom Poung Campus Footprints International School Library Network Toul Tom Poung Campus TTP Primary Yellow Bookshelves 09/14/2023 3 BRA Fic PZ7.B7175 FIS02072 03/19/2024 02/26/2024 2 09/14/2023 Books
    Library of Congress Classification     Juvenile Fiction Footprints International School Library Network Toul Tom Poung Campus Footprints International School Library Network Toul Tom Poung Campus TTP Primary Yellow Bookshelves 07/30/2025   BRA Fic PZ7.B7175 FISTK02314 07/30/2025   3 07/30/2025 Books